00813nam a2200157Ia 4500003000900000008004100009040001600050080001700066100002200083245041800105260003600523300001600559650001500575650004100590650002400631IN-BaIIA211028s9999 xx 000 0 eng d cIIA Library a52(091)bGUN aGunther, Robert T 4aThe astrolabes of the world based upon the series of instruments in the Lewis Evans collection in the old Ashmolean Museum at Oxford : with notes on astrolables in the collections of the British Museum, Science Museum, Sir J. Findlay, Mr. S.V. Hoffman, the Mensing collection, and in other public and private collectionsbthe eastern astrolabes; vol. 1cRobert T Gunther  aLondonbThe Holland Pressc1976 axvii, 609p. aAstrolabes aAstronomy and astrophysics thesaurus aHistory - astronomy